000
00262nam a22001217a 4500
041
_a
ENG
100
_a
Turlington S.R
245
_a
Walking The World Wide Web
260
_a
Delhi
_b
Ventana Press
_c
2000
300
_a
322
650
_a
Computer
856
_u
Computer
999
_c
745
_d
745